00289nam a22000857a 4500082001300000245007900013260004000092300002800132700004300160 a891.4391 aHasrat Mohani Ki Chand Nadir-o-Nayab TehreerencSyed Muhammad Asghar Kazmi aLahorebAl-Waqar Publicationsc2017 a246 Pagesb22x14 cmbHB aCompiled by Syed Muhammad Asghar Kazmi